000 00736nam a2200205Ia 4500
003 GCL
008 140319s9999 xx 000 0 ara d
020 _a6118965271
040 _aGCL /
_cGCL
082 0 4 _a811.009
_bم ح
100 1 _aمحمد حمود
245 1 0 _aالحداثة فى الشعر العربى المعاصر :
_bبيانها ومظاهرها /
_cمحمد حمود
250 _aالاولى
260 _aالقاهرة :
_bالشركة العالمية للكتاب ش م ل ،
_c1996
300 _a364 ص ؛
_c24 سم
650 0 4 _aالنثر العربى
650 0 4 _aالمرأة فى الادب العربى
650 0 4 _aالشعر العربى - تاريخ - العصر الحديث
942 _2ddc
_cBK
999 _c9075
_d9075